De regreso a utopía / (Record no. 85824)

MARC details
000 -LEADER
campo de control de longitud fija 00407nam a2200145 i 4500
001 - NÚMERO DE CONTROL
campo de control 85824
003 - IDENTIFICADOR DE NÚMERO DE CONTROL
campo de control ES-MaACL
007 - CAMPO FIJO DE DESCRIPCIÓN FÍSICA--INFORMACIÓN GENERAL
campo de control de longitud fija t|
008 - DATOS DE LONGITUD FIJA--INFORMACIÓN GENERAL
campo de control de longitud fija 041202s1982 sp ||||1| spa d
100 1# - ENTRADA PRINCIPAL--NOMBRE DE PERSONA
Nombre de persona Junyent, José.
9 (RLIN) 67316
245 10 - MENCIÓN DEL TÍTULO
Título De regreso a utopía /
Mención de responsabilidad, etc. José Junyent.
260 ## - PUBLICACIÓN, DISTRIBUCIÓN, ETC.
Lugar de publicación, distribución, etc. Barcelona :
Nombre del editor, distribuidor, etc. [Argos Vergara,
Fecha de publicación, distribución, etc. 1982] (
Fabricante Linomonograph)
300 ## - DESCRIPCIÓN FÍSICA
Extensión 140 p. ;
Dimensiones 20 cm.
852 ## - LOCALIZACIÓN
Ubicación ES-MaACL
Número de control de estantería L-3507
Sublocalización o colección R.104285
Holdings
Estatus retirado Estado de pérdida Estado de daño No para préstamo Biblioteca de origen Biblioteca actual Ubicación en estantería Fecha de adquisición Fuente de adquisición Total de préstamos Signatura topográfica completa Código de barras Visto por última vez Precio de reemplazo Tipo de ítem Koha
        Biblioteca del Ateneo de Madrid Biblioteca del Ateneo de Madrid Depósito 2 17/01/2008     L-3507 1089688 23/02/2023 23/02/2023 Libro impreso